000 00600nam a2200193Ia 4500
003 GCL
008 140319s9999 xx 000 0 ara d
040 _aGCL /
_cGCL
082 0 4 _aق
_b929.7
_bم م
100 1 _aمحيى الدين الطمعى
245 1 0 _aمعجم باشوات مصر /
_cمحيى الدين الطمعى
260 _a[S.N] :
_bلجنة الاعلام والدراسات المستقبلية
300 _a450 ص
490 _a
650 0 4 _aالسياسيون المصريون
650 0 4 _aمصر - تاريخ
650 0 4 _aالرجال - تراجم
942 _2ddc
_cBK
999 _c39154
_d39154